<?xml version="1.0" encoding="UTF-8"?><?xml-stylesheet type="text/xsl" href="static/style.xsl"?><OAI-PMH xmlns="http://www.openarchives.org/OAI/2.0/" xmlns:xsi="http://www.w3.org/2001/XMLSchema-instance" xsi:schemaLocation="http://www.openarchives.org/OAI/2.0/ http://www.openarchives.org/OAI/2.0/OAI-PMH.xsd"><responseDate>2026-04-17T13:53:30Z</responseDate><request verb="GetRecord" identifier="oai:riubu.ubu.es:10259/5789" metadataPrefix="marc">https://riubu.ubu.es/oai/request</request><GetRecord><record><header><identifier>oai:riubu.ubu.es:10259/5789</identifier><datestamp>2021-11-02T12:03:35Z</datestamp><setSpec>com_10259_5786</setSpec><setSpec>com_10259_5086</setSpec><setSpec>com_10259_2604</setSpec><setSpec>col_10259_5787</setSpec></header><metadata><record xmlns="http://www.loc.gov/MARC21/slim" xmlns:doc="http://www.lyncode.com/xoai" xmlns:xsi="http://www.w3.org/2001/XMLSchema-instance" xmlns:dcterms="http://purl.org/dc/terms/" xsi:schemaLocation="http://www.loc.gov/MARC21/slim http://www.loc.gov/standards/marcxml/schema/MARC21slim.xsd">
<leader>00925njm 22002777a 4500</leader>
<datafield tag="042" ind1=" " ind2=" ">
<subfield code="a">dc</subfield>
</datafield>
<datafield tag="720" ind1=" " ind2=" ">
<subfield code="a">Barba Martín, Raúl A.</subfield>
<subfield code="e">author</subfield>
</datafield>
<datafield tag="720" ind1=" " ind2=" ">
<subfield code="a">Hortigüela Alcalá, David</subfield>
<subfield code="e">author</subfield>
</datafield>
<datafield tag="720" ind1=" " ind2=" ">
<subfield code="a">Pérez Pueyo, Ángel</subfield>
<subfield code="e">author</subfield>
</datafield>
<datafield tag="720" ind1=" " ind2=" ">
<subfield code="a">Sánchez Santamaría, José</subfield>
<subfield code="e">author</subfield>
</datafield>
<datafield tag="260" ind1=" " ind2=" ">
<subfield code="c">2020-11</subfield>
</datafield>
<datafield tag="520" ind1=" " ind2=" ">
<subfield code="a">The involvement of university students in their own assessment leads to motivation towards learning. The aim of this study is twofold. The first aim is to analyze the factors of evaluation in Physical Education that generate motivation and involvement. To do this, we have discussed five factors: (1) to generate awareness of what is being learned; (2) to delimit the deadlines in the development of tasks; (3) to associate it with the development of competencies; (4) to apply it in a variety of contexts and tasks; and (5) to allow reflection on the teaching and learning process. The second aim, based on the previous one, tries to delimit strategies to implement a quality evaluation in the university classrooms. Five strategies have been analyzed: (1) triadic assessment; (2) grade distribution; (3) collaborative creation of instruments; (4) elaboration of formative questions; and (5) use of apps. Finally, a series of reflections are proposed to put into practice the formative and shared assessment as opposed to the traditional evaluation. This manuscript is a substantial contribution to the existing literature, as it serves as a clear guide for university teachers to implement this type of assessment in the classroom, generating student motivation and transferability of their learning.</subfield>
</datafield>
<datafield tag="024" ind2=" " ind1="8">
<subfield code="a">http://hdl.handle.net/10259/5789</subfield>
</datafield>
<datafield tag="024" ind2=" " ind1="8">
<subfield code="a">10.3390/su12218842</subfield>
</datafield>
<datafield tag="024" ind2=" " ind1="8">
<subfield code="a">2071-1050</subfield>
</datafield>
<datafield ind1=" " ind2=" " tag="653">
<subfield code="a">motivation</subfield>
</datafield>
<datafield ind1=" " ind2=" " tag="653">
<subfield code="a">formative assessment</subfield>
</datafield>
<datafield ind1=" " ind2=" " tag="653">
<subfield code="a">self-regulation</subfield>
</datafield>
<datafield ind1=" " ind2=" " tag="653">
<subfield code="a">competence learning</subfield>
</datafield>
<datafield ind1=" " ind2=" " tag="653">
<subfield code="a">student involvement</subfield>
</datafield>
<datafield tag="245" ind1="0" ind2="0">
<subfield code="a">Conceptual analysis of influential factors in the motivation and involvement of the university student towards the assessment in physical education</subfield>
</datafield>
</record></metadata></record></GetRecord></OAI-PMH>